Central Library OPAC University of Rajshahi

Advances in understanding the adolescent / (Record no. 35958)

MARC details
000 -LEADER
fixed length control field 00690nam a22002171i 4500
001 - CONTROL NUMBER
control field 35958
003 - CONTROL NUMBER IDENTIFIER
rucl marc code BD-RjUL
005 - DATE AND TIME OF LATEST TRANSACTION
control field 20211209052417.0
008 - FIXED-LENGTH DATA ELEMENTS--GENERAL INFORMATION
fixed length control field 140612s1957 enk 00010 eng d
035 ## - SYSTEM CONTROL NUMBER
System control number (BD-RjUL)36055
040 ## - CATALOGING SOURCE
Original cataloging agency DLC
Language of cataloging eng
Transcribing agency DLC
Modifying agency BD-RjUL
041 ## - LANGUAGE CODE
Language code of text/sound track or separate title eng
082 04 - DEWEY DECIMAL CLASSIFICATION NUMBER
Edition number 23
Classification number 155.518924
Author mark and year HOA 1957
110 20 - MAIN ENTRY--CORPORATE NAME
Corporate name or jurisdiction name as entry element Home and School Council of Great Britain.
9 (RLIN) 109467
245 10 - TITLE STATEMENT
Title Advances in understanding the adolescent /
Statement of responsibility, etc. Home and School Council of Great Britain.
250 ## - EDITION STATEMENT
Edition statement 9th ed.
260 ## - PUBLICATION, DISTRIBUTION, ETC. (IMPRINT)
Place of publication, distribution, etc. London :
Name of publisher, distributor, etc. The Home and School Council of the english education fellowship,
Date of publication, distribution, etc. 1957.
300 ## - PHYSICAL DESCRIPTION
Pagination 120 p. ;
Size 23 cm.
650 #0 - SUBJECT ADDED ENTRY--TOPICAL TERM
Topical term or geographic name as entry element Adolescence.
9 (RLIN) 109466
942 ## - ADDED ENTRY ELEMENTS (KOHA)
Source of classification or shelving scheme Dewey Decimal Classification
Koha item type Books
Holdings
Lost status Source of classification or shelving scheme Damaged status Not for loan Collection code Permanent Location Current Location Shelving location Date acquired Source of acquisition Total Checkouts Full call number Date last seen Copy number Koha item type
  Dewey Decimal Classification   Not For Loan Non-fiction Central Library, University of Rajshahi Central Library, University of Rajshahi Reading Room 27/06/1988 N/A   155.518924 HOA 1957 12/06/2014 C-1 Books